Цемент (Запис № 421526)

МАРК-запис
000 -LEADER
fixed length control field 00720nam a22002417a 4500
001 - CONTROL NUMBER
control field 136897
003 - CONTROL NUMBER IDENTIFIER
control field UA-OsUOA
005 - DATE AND TIME OF LATEST TRANSACTION
control field 20201201224622.0
007 - PHYSICAL DESCRIPTION FIXED FIELD--GENERAL INFORMATION
fixed length control field ta
008 - FIXED-LENGTH DATA ELEMENTS--GENERAL INFORMATION
fixed length control field 20190410b un ||||| |||| 00| 0 ukr d
040 ## - CATALOGING SOURCE
Original cataloging agency UA-OsUOA
Language of cataloging rus
Transcribing agency UA-OsUOA
Modifying agency UA-OsUOA
041 ## - LANGUAGE CODE
Language code of text/sound track or separate title rus
080 ## - UNIVERSAL DECIMAL CLASSIFICATION NUMBER
Universal Decimal Classification number 882
090 ## - LOCALLY ASSIGNED LC-TYPE CALL NUMBER (OCLC); LOCAL CALL NUMBER (OCLC)
Classification number (OCLC) (R) ; Classification number, CALL (RLIN) (NR) 882
Local cutter number (OCLC) ; Book number/undivided call number, CALL (RLIN) Г52
100 ## - MAIN ENTRY--PERSONAL NAME
Personal name Гладков Ф.
245 ## - TITLE STATEMENT
Title Цемент
260 ## - PUBLICATION, DISTRIBUTION, ETC. (IMPRINT)
Place of publication, distribution, etc М.
Name of publisher, distributor, etc Художественная литература
Date of publication, distribution, etc 1952
300 ## - PHYSICAL DESCRIPTION
Extent 250 с.
650 #7 - SUBJECT ADDED ENTRY--TOPICAL TERM
Topical term or geographic name as entry element 8 Мовознавство. Художня література. Літературознавство
Source of heading or term UDC
942 ## - ADDED ENTRY ELEMENTS (KOHA)
Koha item type Книги
Source of classification or shelving scheme Universal Decimal Classification
955 ## - COPY-LEVEL INFORMATION (RLIN)
Classification number, CCAL (RLIN) Літературно-художні видання
Фонди
Withdrawn status Lost status Source of classification or shelving scheme Damaged status Not for loan Home library Current library Date acquired Inventory number Total Checkouts Full call number Barcode Date last seen Price effective from Koha item type
    Universal Decimal Classification     АБ - Абонемент НБ АБ - Абонемент НБ 10/04/2019 47995   882 Г52 47995 12/07/2022 10/04/2019 Книги
    Universal Decimal Classification     АБ - Абонемент НБ АБ - Абонемент НБ 08/10/2010 47536   821.161.1 Г52 47536 27/05/2022 08/10/2020 Книги